| Tag |
First Indicator |
Second Indicator |
Subfields |
| LEADER |
00000cam a2200000Mi 4500 |
| 001 |
in00005476821 |
| 006 |
m o u |
| 007 |
cr |n|---uuuuu |
| 008 |
190205s2018 enk o ||| 0 eng d |
| 005 |
20240917155120.7 |
| 035 |
|
|
|a (OCoLC)on1114519254
|
| 040 |
|
|
|a UKAMD
|b eng
|c UKAMD
|d OCLCO
|d OCLCL
|
| 019 |
|
|
|a 1114533457
|
| 035 |
|
|
|a (OCoLC)1114519254
|z (OCoLC)1114533457
|
| 049 |
|
|
|a TXAM
|
| 100 |
1 |
|
|a George Curzon, 1st Marquess Curzon of Kedleston,
|e author.
|
| 245 |
1 |
0 |
|a Original correspondence with Secretary of State, Lord Salisbury, Mr Balfour, Lord Lansdowne, Sir Arthur Godley, etc 1904-1905
|g 1904-1905.
|
| 264 |
|
1 |
|a Marlborough, Wiltshire :
|b Adam Matthew Digital,
|c 2018.
|
| 300 |
|
|
|a 1 online resource.
|
| 336 |
|
|
|a text
|b txt
|2 rdacontent
|
| 337 |
|
|
|a computer
|b c
|2 rdamedia
|
| 338 |
|
|
|a online resource
|b cr
|2 rdacarrier
|
| 490 |
1 |
|
|a AM Scholar: Area Studies India.
|
| 500 |
|
|
|a Mss Eur F 111/157.
|
| 534 |
|
|
|p Reproduction of:
|t Original correspondence with Secretary of State, Lord Salisbury, Mr Balfour, Lord Lansdowne, Sir Arthur Godley, etc 1904-1905
|c 1904-1905.
|
| 535 |
1 |
|
|a British Library
|
| 542 |
|
|
|f The British Library Board
|
| 588 |
0 |
|
|a Description based on online resource (viewed on February 5, 2019).
|
| 655 |
|
7 |
|a Electronic books.
|2 local
|
| 710 |
2 |
|
|a Adam Matthew Digital (Firm),
|e digitiser.
|
| 758 |
|
|
|i has work:
|a Original correspondence with Secretary of State, Lord Salisbury, Mr Balfour, Lord Lansdowne, Sir Arthur Godley, etc 1904-1905 1904-1905 (Text)
|1 https://id.oclc.org/worldcat/entity/E39PD3t6xjdqCDwmbdPcjRjFTd
|4 https://id.oclc.org/worldcat/ontology/hasWork
|
| 830 |
|
0 |
|a AM Scholar: Area Studies India.
|
| 856 |
4 |
0 |
|u http://proxy.library.tamu.edu/login?url=https://www.amscholar.amdigital.co.uk/Documents/Details/CIE_Part1_Reel16_Vol1
|z Connect to the full text of this electronic book
|t 0
|
| 856 |
4 |
0 |
|u http://proxy.library.tamu.edu/login?url=https://www.amscholar.amdigital.co.uk/Documents/Details/CIE_Part1_Reel20_Vol2
|z Connect to the full text of this electronic book
|t 0
|
| 955 |
|
|
|a Adam Matthew Scholar Area Studies India
|
| 994 |
|
|
|a 92
|b TXA
|
| 999 |
f |
f |
|s d5d644a1-d2e9-48a1-bc81-3171e6eb44ad
|i 706ffc2d-b2e4-4b98-94e5-f7f6c4ae7faf
|t 0
|
| 952 |
f |
f |
|a Texas A&M University
|b College Station
|c Electronic Resources
|d Available Online
|t 0
|h Library of Congress classification
|
| 998 |
f |
f |
|t 0
|l Available Online
|